000 00628nam a2200181 i 4500
001 38510
003 ES-MaACL
005 20250820063027.0
007 t|
008 030225q19001999fr ||||1| fre d
100 1 _aCalandre, Luis,
_d1890-1961
_933528
245 1 3 _aUn cas de rétrécissement aortique pour non rhumatismal chez un enfant /
_cpar Luis Calandre et Carlos Sainz de los Terreros.
260 _a[S.l. :
_bs.n.,
_c19--?] (
_eCoulommiers :
_fE. Dessait)
300 _a5 p. ;
_c23 cm.
700 1 _aSainz de los Terreros, Carlos.
_9101587
852 _aES-MaACL
_j1680-F-11
_bR.4966
999 _c38510
_d38510